The Truth Will Make You Free (Record no. 8739)
[ view plain ]
| 000 -LEADER | |
|---|---|
| fixed length control field | 00331 a2200109 4500 |
| 005 - DATE AND TIME OF LATEST TRANSACTION | |
| control field | 20191017172327.0 |
| 041 ## - LANGUAGE CODE | |
| Language code of text/sound track or separate title | English |
| 084 ## - OTHER CLASSIFICATION NUMBER | |
| Classification number | NONE |
| 111 ## - MAIN ENTRY--MEETING NAME | |
| Meeting name or jurisdiction name as entry element | Churches in Manicaland (Organization) |
| 245 ## - TITLE STATEMENT | |
| Title | The Truth Will Make You Free |
| Remainder of title | : A compendium of Christian Social Teaching |
| Medium | Text |
| 260 ## - PUBLICATION, DISTRIBUTION, ETC. | |
| Place of publication, distribution, etc. | Mutare |
| Name of publisher, distributor, etc. | Churches in Manicaand |
| Date of publication, distribution, etc. | 2006 |
| 650 ## - SUBJECT ADDED ENTRY--TOPICAL TERM | |
| Topical term or geographic name entry element | RELIGION |
No items available.